Abridged 13 workbook : for small libraries using Dewey decimal classification abridged edition 13

Tallennettuna:
Bibliografiset tiedot
Päätekijä: Davis, Sydney W.
Aineistotyyppi: Kirja
Kieli:Undetermined
Julkaistu: New York Forest Press 1997
Aiheet:
Tagit: Lisää tagi
Ei tageja, Lisää ensimmäinen tagi!
Thư viện lưu trữ: Trung tâm Học liệu Trường Đại học Cần Thơ
LEADER 00671nam a2200205Ia 4500
001 CTU_173379
008 210402s9999 xx 000 0 und d
082 |a 025.431 
082 |b D264 
100 |a Davis, Sydney W. 
245 0 |a Abridged 13 workbook : 
245 0 |b for small libraries using Dewey decimal classification abridged edition 13 
245 0 |c Sydney W. Davis, Gregory R. New 
260 |a New York 
260 |b Forest Press 
260 |c 1997 
650 |a Classification, Dewey decimal,Bảng phân loại, Thập phân Dewey 
650 |x Problems, exercises, etc. 
904 |i Trúc 
980 |a Trung tâm Học liệu Trường Đại học Cần Thơ